000 00603nam a2200229Ia 4500
003 OSt
005 20220924151908.0
006 a|||||r|||| 00| 0
007 ta
008 220923b |||||||| |||| 00| 0 mar d
024 _a339534
037 _cTextual
040 _aARTS
_cARTS
_bmar
041 _2mar
_amar
082 _aO152,3M80:g, 155M2
100 _aGupta Praskashchand Au.
_9225206
245 0 _aPremchand
260 _c1982
650 _aHINDI LITERATURE
_923866
942 _hO152,3M80:g, 155M2
_cTEXL
_2CC
999 _c467976
_d467976